Mots en verlan - Statistiques

Statistiques générales
  • Ce quiz a été pris 663 fois
  • Le résultat moyen est 25 sur 27
Statistiques - réponses
Hint Réponse % Correct
Ouf Fou
100%
Québlo Bloqué
97%
Vénère Enervé
97%
Teuf Fête
97%
Relou Lourd
97%
Teubé Bête
96%
Zarbi Bizarre
96%
Meuf Femme
96%
Téma Mate
96%
Zikmu Musique
96%
Bebar Barbe
95%
Verlan L'envers
95%
Chanmé Méchant
95%
Cimer Merci
95%
Mifa Famille
94%
Chéper Perché
94%
Pécho Choper
93%
Reum Mère
93%
Goleri Rigolo
93%
Géchan Changé
92%
Pineco Copine
91%
Zyva Vas-y
91%
Cheum Moche
86%
Iench Chien
84%
Scred Discret
75%
Ièp Pied
75%
Deuspi Speed
75%
Aucun quiz correspondant
Distribution des résultats
% des personnes avec chaque résultat
Percentile par nombre de réponses
Votre historique - résultats
Vous n’avez pas pris ce quiz